|
|
|
|
| LEADER |
00000cam a2200000 i 4500 |
| 001 |
1/29962 |
| 008 |
060522s1955 eng d |
| 035 |
|
|
|l 10084028
|
| 040 |
|
|
|a GR-MY-UA
|b gre
|e aacr
|
| 041 |
0 |
|
|a eng
|h gre
|
| 082 |
0 |
|
|a 938.6
|2 (22)
|
| 100 |
1 |
|
|a Γυαλίστρας, Σέργιος Α.
|
| 245 |
1 |
0 |
|a Hellas and Cyprus /
|c by Serge gyalistras ; translated from the Greek original by G. A. Trypanis
|
| 260 |
|
|
|a Athens :
|b [χ.ε.],
|c 1955
|
| 300 |
|
|
|a 107 σ.;
|b εικ., χάρτ.;
|c 25 εκ.
|
| 500 |
|
|
|a Μετάφραση από τα ελληνικά
|
| 651 |
|
0 |
|a Greece
|x History.
|
| 651 |
|
0 |
|a Cyprus
|x History.
|
| 700 |
1 |
|
|a Τρυπάνης, Γιώργος Α.
|4 trl
|
| 852 |
|
|
|a INST
|b LESVOS
|e 20060522
|h 938.6 ΓΥΑ
|p 005100035022
|q 005100035022
|t BK
|y 0
|
| 901 |
|
|
|a BIBL1-2006-2
|
| 909 |
|
|
|a Λ
|b 124021
|
| 970 |
|
|
|a ΚΑΡΑ
|b ΓΙΑΣΕΜΗ
|z 2006/05/22
|